| 000 | 00411nam a22001457a 4500 | ||
|---|---|---|---|
| 005 | 20180216110658.0 | ||
| 008 | 180216b xxu||||| |||| 00| 0 eng d | ||
| 040 | _cPK-LaUMT | ||
| 082 |
_aPKAC 297.72094752 _bKAR-M |
||
| 100 | _aKaram A. Khan | ||
| 245 |
_aMuslim Chechnya : tareekh ke ainay mein/ _cKaram A. Khan |
||
| 260 |
_aراولپنڈی: _bمرکز مطبوعات _c2004 |
||
| 300 | _a422 | ||
| 942 | _cBK | ||
| 999 |
_c103405 _d103405 |
||